Czy rozpoznasz piłkarza Barcelony po jego transferze? 2022/23 - Statystyki

Ogólne statystyki
  • Ten quiz został rozwiązany 656 razy
  • Średni wynik to 11 z 23
Statystyki odpowiedzi
Transfer lub Wypożyczenie Zawodnik % Poprawnych
Bayern Monachium ---> FC BarcelonaTransfer: 19 lip 2022 Robert Lewandowski
97%
UD Las Palmas ---> FC Barcelona Transfer: 31 lip 2020 Pedri
80%
Barça U19 ---> FC BarcelonaPrzeniesienie do drużyny seniorskiej: 1 lip 2021 Gavi
77%
Borussia Mönchengladbach ---> FC BarcelonaTransfer: 1 lip 2014 Marc-André ter Stegen
77%
Borussia Dortmund ---> FC Barcelona Transfer: 25 sie 2017 Ousmane Dembélé
68%
Manchester City ---> FC Barcelona Transfer: 1 sty 2022 Ferran Torres
62%
Leeds United ---> FC Barcelona Transfer: 13 lip 2022 Raphinha
62%
Valencia CF ---> FC Barcelona Transfer: 1 lip 2012 Jordi Alba
56%
Sevilla FC ---> FC Barcelona Transfer: 28 lip 2022 Jules Koundé
54%
Manchester United ---> FC Barcelona Transfer: 1 lip 2008 Gerard Piqué
52%
AC Milan ---> FC Barcelona Transfer: 4 lip 2022 Franck Kessié
47%
Olympique Lyon ---> FC Barcelona Transfer: 1 lip 2021 Memphis Depay
46%
Chelsea FC ---> FC Barcelona Transfer: 4 lip 2022 Andreas Christensen
44%
Barcelona B ---> FC Barcelona Przeniesienie do drużyny seniorskiej: 23 wrz 2020 Ansu Fati
43%
Barcelona B ---> FC Barcelona Przeniesienie do drużyny seniorskiej: 5 paź 2020 Ronald Araújo
40%
Barça Atlètic ---> FC BarcelonaPrzeniesienie do drużyny seniorskiej: 1 lip 2008 Sergio Busquets
37%
Manchester City ---> FC Barcelona Transfer: 1 lip 2021 Eric García
36%
Barcelona B ---> FC BarcelonaPrzeniesienie do drużyny seniorskiej: 1 lip 2013 Sergi Roberto
33%
FC Arsenal ---> FC Barcelona Transfer: 31 sty 2022 Pierre-Emerick Aubameyang
31%
Ajax Amsterdam ---> FC Barcelona Transfer: 1 paź 2020 Sergiño Dest
28%
Besiktas JK ---> FC Barcelona Koniec wypożyczenia: 30 cze 2022 Miralem Pjanic
27%
Barcelona B ---> FC BarcelonaPrzeniesienie do drużyny seniorskiej: 1 lip 2021 Nico González
14%
Valencia CF ---> FC BarcelonaTransfer: 1 lip 2019 Neto
13%
Nie znaleziono quizów pasujących do podanych kryteriów
Rozkład punktacji
Procent ludzi z każdym wynikiem
Percentyl według liczby udzielonych odpowiedzi
Twoja historia wyników
Nie rozwiązałeś tego quizu